| 000 | 00500nam a2200205Ia 4500 | ||
|---|---|---|---|
| 005 | 20240605003635.0 | ||
| 008 | 240331s9999 xx 000 0 und d | ||
| 020 | _a | ||
| 082 |
_bAGN _a346 |
||
| 100 | _aAgnes, Flavia | ||
| 245 | 0 | _aState,gender and the rhetoric of law reform | |
| 250 | _a1 st | ||
| 260 |
_aBombay _bResearch Centre for Women's Studies _c1995 |
||
| 300 | _axii, 278 p ., | ||
| 650 | _aGender | ||
| 650 | _aWomen | ||
| 650 | _aLaw | ||
| 650 | _aEconomic Rights | ||
| 942 | _cL | ||
| 999 |
_c2855 _d2855 |
||